| 000 | 00824nam a2200265 i 4500 | ||
|---|---|---|---|
| 001 | 8423 | ||
| 003 | ES-MaACL | ||
| 005 | 20250829050322.0 | ||
| 007 | t| | ||
| 008 | 920617s1991 sp a |||| | spa d | ||
| 020 | _a84-334-7033-7 | ||
| 080 | _a72.01 | ||
| 100 | 1 |
_aColquhoun, Alan. _939896 |
|
| 245 | 1 | 0 |
_aModernidad y tradición clásica / _cAlan Colquhoun. |
| 250 | _a1ª ed. | ||
| 260 |
_aMadrid : _bJúcar, _c1991. |
||
| 300 |
_a323 p. : _bil. ; _c20 cm. |
||
| 490 | 1 |
_aJúcar universidad. Arte & arquitectura ; _v33 |
|
| 650 | 1 | 4 |
_aArquitectura neoclásica. _9168098 |
| 650 | 4 |
_aFuncionalismo (Arquitectura) _9168099 |
|
| 650 | 7 |
_aPostmodernismo (Arquitectura) _2embne _9168100 |
|
| 830 | 0 |
_aJúcar universidad. Arte & arquitectura ; _v33 _9227974 |
|
| 852 |
_aES-MaACL _jL-15762 |
||
| 999 |
_c8423 _d8423 |
||